000 00299nam a22001337a 4500
008 181122b xxu||||| |||| 00| 0 eng d
020 _a9780072499995
041 _aeng
080 _a710
100 _a45
101 _aART
245 _aThe Art Of Critical Redaing
_cMather,M
942 _2udc
_cBK
999 _c52326
_d52326